Statistics for Random Trivia Quiz by Pictures #6

Click here to take the quiz!

General Stats

  • This quiz has been taken 15 times
  • The average score is 4 of 20

Answer Stats

Answer% Correct
Benazir Bhutto
60%
Asia Minor
53%
Harriet Tubman
47%
Monkeys
33%
Battle of Waterloo
27%
Depeche Mode
27%
Aaliyah
20%
Andaman and Nicobar Islands
20%
Arvo Pärt
20%
Assyria
20%
Basque Country
20%
Helen Keller
20%
Uyghurs
13%
White Blood Cells
13%
Mary Wollstonecraft
7%
The Tempest
7%
France Prešeren
0%
Iodine
0%
Patrick Henry
0%
Pierre de Fermat
0%

Score Distribution

Percentile by Number Answered

Percent of People with Each Score

Your Score History

You have not taken this quiz